000 00385nam a2200157Ia 4500
008 221030s9999 xx 000 0 und d
020 _a8121900743
041 _aEnglish
082 _a105.23
_bMad
100 _aR. D. Madan
245 0 _aModern Inorganic Chemistry
_cby R. D. Madan
260 _bS. Chand & Co
_aNew Delhi
_c2000
300 _a1548
650 _aChemistry
942 _cBK
999 _c7065
_d7065